[Event "Vaxjo op"]
[Site "Vaxjo"]
[Date "2015.02.14"]
[Round "6"]
[White "Bakr, Jwan"]
[Black "Eriksson, Kristian"]
[Result "1-0"]
[WhiteElo "2343"]
[BlackElo "2153"]
[PlyCount "85"]
[EventDate "2015.02.13"]
[EventType "swiss"]
[EventRounds "8"]
[EventCountry "SWE"]
[SourceTitle "CBM 164 Extra"]
[Source "ChessBase"]
[SourceDate "2015.03.02"]
[SourceVersion "1"]
[SourceVersionDate "2015.03.02"]
[SourceQuality "1"]

1. d4 Nf6 2. Bg5 Ne4 3. Bf4 e6 4. Nd2 d5 5. e3 c5 6. c3 Nc6 7. Ngf3 Bd6 8. Bxd6 Qxd6 9. Nxe4 dxe4 10. Nd2 cxd4 11. exd4 f5 12. f3 exf3 13. Nxf3 0-0 14. Bc4 Kh8 15. Qe2 Bd7 16. 0-0 Rae8 17. Rfe1 a6 18. Rad1 b5 19. Bb3 Na5 20. Qe5 Qb6 21. Qc5 Qd8 22. Qd6 Nxb3 23. axb3 Bc8 24. Qxd8 Rxd8 25. Re5 h6 26. Rc5 Bb7 27. Ne5 Kg8 28. Rc7 Be4 29. Ra1 Rd6 30. b4 Bd5 31. Kf2 Be4 32. g3 Ra8 33. Ke3 Rf8 34. h4 Ra8 35. g4 Rf8 36. g5 hxg5 37. hxg5 Bd5 38. Kf4 Rb6 39. Nd7 Rb7 40. Rxb7 Bxb7 41. Nxf8 Kxf8 42. Ke5 Ke7 43. b3 1-0

[Event "Vaxjo op"]
[Site "Vaxjo"]
[Date "2015.02.13"]
[Round "4"]
[White "Bakr, Jwan"]
[Black "Smith, Axel"]
[Result "0-1"]
[WhiteElo "2343"]
[BlackElo "2488"]
[PlyCount "109"]
[EventDate "2015.02.13"]
[EventType "swiss"]
[EventRounds "8"]
[EventCountry "SWE"]
[SourceTitle "CBM 164 Extra"]
[Source "ChessBase"]
[SourceDate "2015.03.02"]
[SourceVersion "1"]
[SourceVersionDate "2015.03.02"]
[SourceQuality "1"]

1. d4 e6 2. c4 Bb4+ 3. Nd2 Nf6 4. Ngf3 0-0 5. g3 b6 6. Bg2 Bb7 7. 0-0 Re8 8. a3 Bf8 9. b3 c5 10. dxc5 bxc5 11. Bb2 Nc6 12. Qc2 d5 13. e3 Qe7 14. cxd5 exd5 15. Rac1 Rad8 16. Rfe1 h6 17. Qb1 Qe6 18. Qa1 Ne4 19. Red1 f5 20. Nxe4 fxe4 21. Nd2 Rd7 22. Bf1 Rf7 23. Be2 Bd6 24. b4 cxb4 25. axb4 Ref8 26. Rf1 Nxb4 27. Ba3 a5 28. Nb3 Be5 29. Qb1 d4 30. Bc4 Bd5 31. Bxd5 Qxd5 32. Rc5 Qe6 33. Qxe4 Qxb3 34. Bxb4 axb4 35. Rxe5 dxe3 36. Qxe3 Qxe3 37. Rxe3 Rf3 38. Rxf3 Rxf3 39. Rb1 b3 40. Kf1 Kf7 41. Ke2 Rc3 42. Rb2 g5 43. Kd2 Rf3 44. Ke2 g4 45. h3 h5 46. hxg4 hxg4 47. Rd2 Ke6 48. Rd4 Kf5 49. Rd5+ Kf6 50. Rd4 Kg5 51. Rb4 Rc3 52. Rb5+ Kf6 53. Kd2 Rc2+ 54. Ke3 b2 55. Rb4 0-1

[Event "Vaxjo op"]
[Site "Vaxjo"]
[Date "2015.02.13"]
[Round "3"]
[White "Winfridsson, Hakan"]
[Black "Bakr, Jwan"]
[Result "0-1"]
[WhiteElo "2080"]
[BlackElo "2343"]
[PlyCount "132"]
[EventDate "2015.02.13"]
[EventType "swiss"]
[EventRounds "8"]
[EventCountry "SWE"]
[SourceTitle "CBM 164 Extra"]
[Source "ChessBase"]
[SourceDate "2015.03.02"]
[SourceVersion "1"]
[SourceVersionDate "2015.03.02"]
[SourceQuality "1"]

1. e4 d6 2. d4 Nf6 3. Nc3 Nbd7 4. Bg5 c5 5. Nf3 a6 6. dxc5 Nxc5 7. e5 Nfe4 8. Nxe4 Nxe4 9. Be3 Qa5+ 10. Bd2 Nxd2 11. Qxd2 Qxd2+ 12. Kxd2 Bg4 13. exd6 Rd8 14. Rd1 e6 15. Bd3 Bxd6 16. c3 Bc5 17. Ke2 f6 18. h3 Bh5 19. Be4 Ke7 20. b4 Bd6 21. Bxb7 e5 22. g4 Bf7 23. Bd5 Bg6 24. a3 Bc2 25. Rd2 Ba4 26. c4 a5 27. c5 Bb5+ 28. Ke3 Bc7 29. Rhd1 g6 30. Bb3 f5 31. gxf5 gxf5 32. Rxd8 Rxd8 33. Rxd8 Kxd8 34. Nh4 Bd7 35. Bd5 Ke7 36. c6 Bc8 37. b5 Kd6 38. Bc4 Kc5 39. Bd3 e4 40. Be2 Bd8 41. Ng2 Bg5+ 42. f4 Bf6 43. Ne1 Bd4+ 44. Kd2 Bb2 45. a4 Be6 46. Kc2 Bd4 47. Bh5 Kb4 48. Be8 Bb3+ 49. Kd2 Bb6 50. Bd7 Bxa4 51. Bxf5 e3+ 52. Kc1 Bxb5 53. Be4 Kc3 54. Nc2 e2 55. f5 Bd8 56. f6 Ba4 57. Ne1 Bxf6 58. c7 Bg5+ 59. Kb1 Bd7 60. Bxh7 Bf4 61. Bd3 Kd2 62. Ng2 Bxc7 63. Bxe2 Kxe2 64. h4 Bh3 65. h5 Bxg2 66. h6 Be4+ 0-1

[Event "Odense-chA"]
[Site "Odense"]
[Date "2014.10.11"]
[Round "1"]
[White "Bakr, Jwan"]
[Black "Carlstedt, Jonathan"]
[Result "1/2-1/2"]
[WhiteElo "2342"]
[BlackElo "2440"]
[PlyCount "132"]
[EventDate "2014.10.11"]
[EventType "tourn"]
[EventRounds "5"]
[EventCountry "DEN"]
[EventCategory "6"]
[SourceTitle "EXT 2018"]
[Source "ChessBase"]
[SourceDate "2017.10.13"]
[SourceVersion "1"]
[SourceVersionDate "2017.10.13"]
[SourceQuality "1"]

1. e4 d6 2. f4 Nf6 3. Nc3 c6 4. Nf3 b5 5. d3 b4 6. Nb1 e5 7. g3 Be7 8. Bg2 h5 9. h3 h4 10. g4 Nbd7 11. Qe2 Ba6 12. 0-0 Qc7 13. Nbd2 exf4 14. Nb3 Qb6+ 15. Qf2 Qxf2+ 16. Rxf2 Bd8 17. Bxf4 Bb6 18. Nfd4 Ne5 19. Be3 Bc8 20. Re1 Kf8 21. Nxc6 Nxc6 22. e5 dxe5 23. Bxc6 Rb8 24. Bc5+ Bxc5 25. Nxc5 Ke7 26. Bg2 Kd6 27. Nb3 Be6 28. d4 exd4 29. Nxd4 Rhe8 30. Rd1 Kc5 31. Nf5 Red8 32. Rxd8 Rxd8 33. Nxg7 Rd1+ 34. Kh2 Bd5 35. Bxd5 Nxd5 36. Nf5 Ra1 37. Nxh4 Rxa2 38. b3 a5 39. Kg3 Ne3 40. Ng2 Nxc2 41. Ne1 a4 42. Nd3+ Kd4 43. Nxb4 axb3 44. Nxa2 bxa2 45. Rf1 Ke5 46. g5 a1Q 47. Rxa1 Nxa1 48. Kg4 Nc2 49. g6 f5+ 50. Kh5 Ne3 51. g7 Nd5 52. Kg5 Nf6 53. h4 f4 54. h5 f3 55. h6 f2 56. g8Q Nxg8 57. h7 f1Q 58. h8Q+ Nf6 59. Qb8+ Ke6 60. Qb6+ Kf7 61. Qc7+ Ke8 62. Qe5+ Kf7 63. Qc7+ Ke6 64. Qb6+ Ke7 65. Qc5+ Kd7 66. Qf5+ Qxf5+ 1/2-1/2

[Event "Odense-chA"]
[Site "Odense"]
[Date "2014.10.11"]
[Round "3"]
[White "Bakr, Jwan"]
[Black "Pedersen, Steffen"]
[Result "0-1"]
[WhiteElo "2342"]
[BlackElo "2417"]
[PlyCount "144"]
[EventDate "2014.10.11"]
[EventType "tourn"]
[EventRounds "5"]
[EventCountry "DEN"]
[EventCategory "6"]
[SourceTitle "EXT 2018"]
[Source "ChessBase"]
[SourceDate "2017.10.13"]
[SourceVersion "1"]
[SourceVersionDate "2017.10.13"]
[SourceQuality "1"]

1. d4 d5 2. c4 e6 3. Nf3 Nf6 4. g3 Be7 5. Bg2 0-0 6. 0-0 dxc4 7. Qc2 b5 8. a4 b4 9. Qxc4 Ba6 10. Qc2 Bb7 11. Bg5 Nbd7 12. Nbd2 c5 13. e4 cxd4 14. e5 Ng4 15. Bxe7 Qxe7 16. Qc7 Rab8 17. Rac1 Qd8 18. Rfe1 Nb6 19. h3 Nh6 20. a5 Nd5 21. Qxd8 Rfxd8 22. Nxd4 Ne7 23. N2b3 Bxg2 24. Kxg2 Rd7 25. g4 Kf8 26. Re4 Ke8 27. Rc4 Nhg8 28. Nc5 Rc7 29. Ndb3 Nd5 30. Na6 Rxc4 31. Rxc4 Rd8 32. Nxb4 Nge7 33. Na6 Ng6 34. Re4 Ndf4+ 35. Kg3 Rd3+ 36. Re3 Ne2+ 37. Kg2 Ngf4+ 38. Kf3 Rxb3 39. Rxb3 Nd4+ 40. Kxf4 Nxb3 41. Nc7+ Kd7 42. Nb5 a6 43. Nd6 Nxa5 44. Nxf7 Nc4 45. b4 Nb6 46. Kg5 Nd5 47. h4 Nxb4 48. h5 a5 49. h6 gxh6+ 50. Kxh6 a4 51. Nd6 a3 52. Ne4 Nd3 53. Nc3 Nxe5 54. g5 Nf3 55. Kxh7 Nxg5+ 56. Kg6 Nh3 57. f3 Ng1 58. Kg5 Nxf3+ 59. Kf4 Nd4 60. Ke4 Nb5 61. Na2 Kd6 62. Kd3 Kc5 63. Nc1 Kd5 64. Kc2 Kc4 65. Kb1 Nc3+ 66. Ka1 e5 67. Nd3 e4 68. Ne5+ Kd5 69. Nc4 Nb5 70. Ne3+ Kd4 71. Nc2+ Kd3 72. Nb4+ Kd2 0-1

[Event "Odense-chA"]
[Site "Odense"]
[Date "2014.10.11"]
[Round "2"]
[White "Berg, Klaus"]
[Black "Bakr, Jwan"]
[Result "1-0"]
[WhiteElo "2371"]
[BlackElo "2342"]
[PlyCount "73"]
[EventDate "2014.10.11"]
[EventType "tourn"]
[EventRounds "5"]
[EventCountry "DEN"]
[EventCategory "6"]
[SourceTitle "EXT 2018"]
[Source "ChessBase"]
[SourceDate "2017.10.13"]
[SourceVersion "1"]
[SourceVersionDate "2017.10.13"]
[SourceQuality "1"]

1. d4 d6 2. c4 g6 3. e4 Bg7 4. Nc3 e5 5. Nge2 Nc6 6. Be3 f5 7. dxe5 Nxe5 8. exf5 Bxf5 9. Nd4 Bd7 10. Be2 Nf6 11. h3 0-0 12. 0-0 Nc6 13. Qd2 Re8 14. Rad1 a6 15. Rfe1 Qe7 16. b3 Rab8 17. Bf1 Qf7 18. Nf3 Qf8 19. g3 Ng4 20. hxg4 Qxf3 21. Be2 Ne5 22. Bf4 Qc6 23. Nd5 Be6 24. Bxe5 dxe5 25. Bf3 Kh8 26. Kg2 Qd7 27. Rh1 Qf7 28. Nc3 e4 29. Nxe4 Bf6 30. Qf4 Rf8 31. Nxf6 Qxf6 32. Rhe1 Qg7 33. Qe5 Bg8 34. Rd7 Qxe5 35. Rxe5 c6 36. Ree7 b5 37. c5 1-0

[Event "Fredericia Glenco"]
[Site "Fredericia"]
[Date "2014.05.24"]
[Round "6"]
[White "Bakr, Jwan"]
[Black "Fries Nielsen, Niels Jorgen"]
[Result "1-0"]
[WhiteElo "2341"]
[BlackElo "2308"]
[PlyCount "82"]
[EventDate "2014.05.21"]
[EventType "tourn"]
[EventRounds "9"]
[EventCountry "DEN"]
[EventCategory "5"]
[SourceTitle "CBM 160 Extra"]
[Source "ChessBase"]
[SourceDate "2014.07.01"]
[SourceVersion "1"]
[SourceVersionDate "2014.07.01"]
[SourceQuality "1"]

1. d4 Nf6 2. c4 c5 3. d5 b5 4. cxb5 a6 5. f3 d6 6. e4 g6 7. Na3 Bg7 8. Ne2 0-0 9. Nc3 Ne8 10. Be3 axb5 11. Naxb5 Nc7 12. Qd2 Nxb5 13. Nxb5 Qa5 14. Qxa5 Rxa5 15. Bd2 Bxb2 16. Rb1 Rxa2 17. Bc4 Ra1 18. 0-0 Rxb1 19. Rxb1 Bg7 20. Nxd6 Ba6 21. Bxa6 Nxa6 22. Nc4 Bd4+ 23. Kf1 Rb8 24. Rxb8+ Nxb8 25. Ke2 Nd7 26. f4 e6 27. d6 f6 28. Kd3 Kf7 29. Be3 e5 30. f5 g5 31. Bd2 Ke8 32. Ba5 Nb8 33. Bc7 Na6 34. Nb6 c4+ 35. Kxc4 Bxb6 36. Bxb6 Kd7 37. Bc7 Kc6 38. Bd8 Kxd6 39. Bxf6 g4 40. Bg7 Nc7 41. Bf8+ Kd7 1-0

[Event "Fredericia Glenco"]
[Site "Fredericia"]
[Date "2014.05.21"]
[Round "1"]
[White "Bakr, Jwan"]
[Black "Fries Nielsen, Jens Ove"]
[Result "1-0"]
[WhiteElo "2341"]
[BlackElo "2384"]
[PlyCount "65"]
[EventDate "2014.05.21"]
[EventType "tourn"]
[EventRounds "9"]
[EventCountry "DEN"]
[EventCategory "5"]
[SourceTitle "CBM 160 Extra"]
[Source "ChessBase"]
[SourceDate "2014.07.01"]
[SourceVersion "1"]
[SourceVersionDate "2014.07.01"]
[SourceQuality "1"]

1. d4 c5 2. d5 g6 3. c4 d6 4. Nc3 Bg7 5. e4 e6 6. Nf3 Ne7 7. h4 h6 8. Bd3 Bxc3+ 9. bxc3 e5 10. h5 g5 11. Nh2 Qa5 12. Bd2 f5 13. exf5 Bxf5 14. Bxf5 Nxf5 15. Qb1 0-0 16. Qxb7 Na6 17. Ng4 Nc7 18. Qb1 e4 19. 0-0 Ne8 20. Qxe4 Neg7 21. Qd3 Qc7 22. Nxh6+ Nxh6 23. Qg6 Nf7 24. h6 Ne5 25. Qxg5 Rf5 26. Qg3 Raf8 27. hxg7 R8f6 28. Bg5 Rxg5 29. Qxg5 Rg6 30. Qf5 Qxg7 31. Qc8+ Kh7 32. Qh3+ Kg8 33. Rab1 1-0

[Event "Kolding Sondex Cup Gp2"]
[Site "Kolding"]
[Date "2014.05.04"]
[Round "5"]
[White "Korley, Kassa"]
[Black "Bakr, Jwan"]
[Result "1/2-1/2"]
[WhiteElo "2358"]
[BlackElo "2341"]
[PlyCount "81"]
[EventDate "2014.05.02"]
[EventType "tourn"]
[EventRounds "5"]
[EventCountry "DEN"]
[EventCategory "6"]
[SourceTitle "EXT 2018"]
[Source "ChessBase"]
[SourceDate "2017.10.13"]
[SourceVersion "1"]
[SourceVersionDate "2017.10.13"]
[SourceQuality "1"]

1. Nf3 Nf6 2. g3 g6 3. Bg2 Bg7 4. 0-0 0-0 5. d4 d6 6. a4 a5 7. c3 c6 8. Nbd2 d5 9. Re1 Bf5 10. h3 Be4 11. Nxe4 Nxe4 12. Qb3 Qc8 13. Nd2 Nxd2 14. Bxd2 Nd7 15. e4 dxe4 16. Rxe4 e5 17. Be3 exd4 18. Bxd4 Bxd4 19. Rxd4 Qc7 20. Rad1 Rad8 21. h4 Nc5 22. Qc4 Ne6 23. Rxd8 Rxd8 24. Re1 Qd6 25. Bf3 Qd3 26. Qxd3 Rxd3 27. Kg2 Kf8 28. Re5 Rd2 29. b4 axb4 30. cxb4 Rb2 31. b5 cxb5 32. a5 Nd8 33. Rc5 Ke8 34. Be4 Kd7 35. Bd3 Kd6 36. Rxb5 Rxb5 37. Bxb5 Kc7 38. a6 bxa6 39. Bxa6 Kd6 40. Bc4 Ke7 41. Bd5 1/2-1/2

[Event "Kolding Sondex Cup Gp2"]
[Site "Kolding"]
[Date "2014.05.02"]
[Round "1"]
[White "Bakr, Jwan"]
[Black "Teplyi, Igor"]
[Result "1-0"]
[WhiteElo "2341"]
[BlackElo "2398"]
[PlyCount "69"]
[EventDate "2014.05.02"]
[EventType "tourn"]
[EventRounds "5"]
[EventCountry "DEN"]
[EventCategory "6"]
[SourceTitle "EXT 2018"]
[Source "ChessBase"]
[SourceDate "2017.10.13"]
[SourceVersion "1"]
[SourceVersionDate "2017.10.13"]
[SourceQuality "1"]

1. e4 c5 2. Nf3 d6 3. d4 cxd4 4. Nxd4 Nf6 5. Nc3 a6 6. Bg5 Nbd7 7. f4 g6 8. Bc4 Bg7 9. 0-0 0-0 10. Kh1 Qa5 11. Bb3 Qc5 12. f5 Nb6 13. Qd3 Bd7 14. Be3 Qc7 15. Nde2 Ng4 16. Bxb6 Qxb6 17. Qg3 Ne5 18. Nd5 Qd8 19. Qh4 Re8 20. Nd4 gxf5 21. exf5 Kh8 22. Rae1 Bf6 23. Nxf6 exf6 24. Re3 Rg8 25. Rh3 Rg7 26. Ne2 Bb5 27. c4 Bc6 28. Nf4 Qe7 29. Re1 Rag8 30. Bc2 Qd8 31. Be4 Re8 32. Nh5 Rg4 33. Qxf6+ Kg8 34. Bxc6 Qa5 35. Re4 1-0

[Event "IRQ-ch op 2nd"]
[Site "Baghdad"]
[Date "2013.03.07"]
[Round "3"]
[White "Gagunashvili, Merab"]
[Black "Bakr, Jwan"]
[Result "1/2-1/2"]
[WhiteElo "2592"]
[BlackElo "2325"]
[PlyCount "32"]
[EventDate "2013.03.06"]
[EventType "swiss"]
[EventRounds "9"]
[EventCountry "IRQ"]
[SourceTitle "CBM 153 Extra"]
[Source "ChessBase"]
[SourceDate "2013.04.22"]
[SourceVersion "1"]
[SourceVersionDate "2013.04.22"]
[SourceQuality "1"]

1. c4 c5 2. Nf3 Nf6 3. Nc3 b6 4. g3 Bb7 5. Bg2 e6 6. 0-0 Be7 7. Re1 a6 8. e4 d6 9. d4 cxd4 10. Nxd4 Qc7 11. Be3 0-0 12. Rc1 Nbd7 13. h3 Rac8 14. Bf4 Qb8 15. Qe2 Rfe8 16. Nb3 Qa8 1/2-1/2

[Event "Mediterranean-ch 8th"]
[Site "Beirut"]
[Date "2013.01.22"]
[Round "5"]
[White "Iyti, Basher"]
[Black "Bakr, Jwan"]
[Result "1/2-1/2"]
[WhiteElo "2259"]
[BlackElo "2296"]
[PlyCount "30"]
[EventDate "2013.01.19"]
[EventType "swiss"]
[EventRounds "9"]
[EventCountry "LBN"]
[SourceTitle "CBM 152 Extra"]
[Source "ChessBase"]
[SourceDate "2013.02.25"]
[SourceVersion "1"]
[SourceVersionDate "2013.02.25"]
[SourceQuality "1"]

1. d4 d5 2. Nf3 c6 3. c4 e6 4. e3 f5 5. Qc2 Nf6 6. Bd3 Bd6 7. b3 0-0 8. 0-0 Qe7 9. Nbd2 Ne4 10. Bb2 Bd7 11. Ne5 Be8 12. f3 Nxd2 13. Qxd2 Nd7 14. Nxd7 Bxd7 15. f4 Rfd8 1/2-1/2

[Event "Mediterranean-ch 8th"]
[Site "Beirut"]
[Date "2013.01.19"]
[Round "1"]
[White "Al Zayat, Ahmed"]
[Black "Bakr, Jwan"]
[Result "0-1"]
[WhiteElo "2051"]
[BlackElo "2296"]
[PlyCount "88"]
[EventDate "2013.01.19"]
[EventType "swiss"]
[EventRounds "9"]
[EventCountry "LBN"]
[SourceTitle "CBM 152 Extra"]
[Source "ChessBase"]
[SourceDate "2013.02.25"]
[SourceVersion "1"]
[SourceVersionDate "2013.02.25"]
[SourceQuality "1"]

1. d4 Nf6 2. Bg5 c5 3. e3 Qb6 4. Nc3 e6 5. Nf3 d5 6. Bxf6 gxf6 7. e4 dxe4 8. Nxe4 Nd7 9. dxc5 Bxc5 10. Nxc5 Nxc5 11. Be2 Rg8 12. 0-0 e5 13. b4 Ne6 14. Kh1 Nf4 15. Ne1 Bf5 16. Bf3 Rd8 17. Qc1 Qb5 18. Rg1 b6 19. Nd3 Bxd3 20. cxd3 Nxd3 21. Bc6+ Ke7 22. Rf1 Qxb4 23. Qe3 Qf4 24. Be4 Qxe3 25. fxe3 h6 26. Rf3 Nc5 27. Bf5 Rd2 28. g4 Nd3 29. Raf1 Nc5 30. a4 Ra2 31. Bb1 Ra1 32. h3 h5 33. g5 Rxg5 34. Rxf6 Rg7 35. R6f5 f6 36. Rxh5 Ne4 37. Bxe4 Rxf1+ 38. Kh2 Re1 39. Rh8 Rxe3 40. Bc6 Re2+ 41. Kh1 Kd6 42. Bf3 Rf2 43. Bg4 f5 44. Rf8 Ke6 0-1

[Event "Arab Clubs-chT 11th"]
[Site "Tunis"]
[Date "2009.12.15"]
[Round "5"]
[White "Mansour, Sameer"]
[Black "Bakr, Jwan"]
[Result "1-0"]
[WhiteElo "2272"]
[BlackElo "2321"]
[PlyCount "98"]
[EventDate "2009.12.12"]
[EventType "team-swiss"]
[EventRounds "9"]
[EventCountry "TUN"]
[SourceTitle "EXT 2020"]
[Source "ChessBase"]
[SourceDate "2019.10.17"]
[SourceVersion "1"]
[SourceVersionDate "2019.10.17"]
[SourceQuality "1"]
[WhiteTeam "Mouthafi Alamana"]
[BlackTeam "Omal Essekek"]
[WhiteTeamCountry "JOR"]
[BlackTeamCountry "SYR"]

1. e4 c5 2. Nf3 d6 3. c3 Nf6 4. Be2 Nbd7 5. d3 c4 6. 0-0 cxd3 7. Bxd3 g6 8. Re1 Bg7 9. Nbd2 0-0 10. Nc4 Nc5 11. e5 dxe5 12. Ncxe5 Nxd3 13. Qxd3 Qxd3 14. Nxd3 Rd8 15. Nf4 Bg4 16. Ne5 Bf5 17. f3 g5 18. Ne2 h6 19. Nd4 Bh7 20. a4 Nd7 21. Nxd7 Rxd7 22. Be3 e5 23. Nb3 Bc2 24. Nc5 Rc7 25. Re2 Bf5 26. g4 Bg6 27. Rd2 b6 28. Na6 Re7 29. Nb4 Ree8 30. Nd5 Rab8 31. a5 Re6 32. axb6 axb6 33. Ra6 e4 34. f4 gxf4 35. Nxf4 Rc6 36. Nd5 Bf8 37. Rxb6 Rbxb6 38. Nxb6 f5 39. gxf5 Bxf5 40. Nd5 Kf7 41. Rf2 Ke6 42. Nf4+ Ke7 43. Nh5 Rg6+ 44. Ng3 Ke6 45. Rf4 Rxg3+ 46. hxg3 Ke5 47. b4 h5 48. c4 Bxb4 49. Kg2 Bc3 1-0

[Event "Arab Clubs-chT 11th"]
[Site "Tunis"]
[Date "2009.12.12"]
[Round "1"]
[White "Albanna, Ahmed"]
[Black "Bakr, Jwan"]
[Result "0-1"]
[WhiteElo "1952"]
[BlackElo "2321"]
[PlyCount "84"]
[EventDate "2009.12.12"]
[EventType "team-swiss"]
[EventRounds "9"]
[EventCountry "TUN"]
[SourceTitle "EXT 2020"]
[Source "ChessBase"]
[SourceDate "2019.10.17"]
[SourceVersion "1"]
[SourceVersionDate "2019.10.17"]
[SourceQuality "1"]
[WhiteTeam "Dubai"]
[BlackTeam "Omal Essekek"]
[WhiteTeamCountry "UAE"]
[BlackTeamCountry "SYR"]

1. e4 c5 2. c3 Nf6 3. e5 Nd5 4. d4 cxd4 5. cxd4 Nc6 6. Nc3 Nxc3 7. bxc3 d5 8. Nf3 Bg4 9. h3 Bh5 10. Bd3 e6 11. 0-0 Be7 12. Rb1 Qd7 13. Be3 Rc8 14. Qb3 Rc7 15. Nd2 Bg6 16. Bxg6 hxg6 17. Qb5 0-0 18. Rfd1 Rfc8 19. c4 dxc4 20. Nxc4 Nb4 21. Qxd7 Rxd7 22. Nb2 Nxa2 23. Rd3 Nc3 24. Ra1 a6 25. Kf1 Nd5 26. Rb3 Rc6 27. Nd3 Rdc7 28. Ne1 b5 29. Bd2 Kf8 30. Ke2 Ke8 31. Kd3 Kd7 32. g3 Kc8 33. Ba5 Rc1 34. Ra2 R7c4 35. Bd2 Rd1 36. Ke2 Rxd2+ 37. Rxd2 Bb4 38. Rdd3 Bxe1 39. Kxe1 Kb7 40. Rf3 Rc7 41. Kd2 b4 42. Rb2 Kb6 0-1

[Event "Arab-ch"]
[Site "Abu Dhabi"]
[Date "2008.12.21"]
[Round "6"]
[White "Bakr, Jwan"]
[Black "Haddouche, Mohamed Amine"]
[Result "1-0"]
[WhiteElo "2338"]
[BlackElo "2333"]
[PlyCount "49"]
[EventDate "2008.12.16"]
[EventType "swiss"]
[EventRounds "9"]
[EventCountry "UAE"]
[SourceTitle "EXT 2010"]
[Source "ChessBase"]
[SourceDate "2010.11.25"]
[SourceVersion "1"]
[SourceVersionDate "2010.11.25"]
[SourceQuality "1"]

1. e4 e5 2. Nf3 Nc6 3. Bb5 a6 4. Ba4 Nf6 5. Qe2 Be7 6. c3 b5 7. Bb3 0-0 8. 0-0 d6 9. Rd1 Na5 10. Bc2 c5 11. d3 Re8 12. Nbd2 Bf8 13. Nf1 Nc6 14. h3 h6 15. N3h2 d5 16. Ng4 Nxg4 17. hxg4 d4 18. Bb3 Be6 19. Bxe6 Rxe6 20. a4 Rd6 21. axb5 axb5 22. Rxa8 Qxa8 23. Qc2 Qa2 24. Ng3 dxc3 25. Qxc3 1-0